[Event "Alushta Rapid op"]
[Site "Alushta"]
[Date "2022.07.04"]
[Round "8"]
[White "Korotaev, Yaroslav"]
[Black "Krepkiy, Igor"]
[Result "1-0"]
[WhiteElo "1881"]
[BlackElo "1547"]
[PlyCount "75"]
[EventDate "2022.07.03"]
[EventType "swiss (rapid)"]
[EventRounds "11"]
[EventCountry "UKR"]
[SourceTitle "CBM 209 Extra"]
[Source "ChessBase"]
[SourceDate "2022.09.30"]
[SourceVersion "1"]
[SourceVersionDate "2022.09.30"]
[SourceQuality "1"]

1. d4 Nf6 2. c4 g6 3. Nc3 Bg7 4. e4 d6 5. Nf3 0-0 6. Be2 e5 7. Be3 Nc6 8. d5 Ne7 9. Nd2 Nd7 10. b4 f5 11. f3 f4 12. Bf2 g5 13. c5 Nf6 14. Nc4 h5 15. cxd6 cxd6 16. Nb5 Ne8 17. Nxa7 Nc7 18. Nxc8 Rxc8 19. h4 Na6 20. a3 g4 21. Bb6 Qd7 22. Bg1 gxf3 23. gxf3 Qd8 24. Bb6 Nc7 25. Nxd6 Qxd6 26. Bc5 Qf6 27. d6 Nc6 28. dxc7 Rfe8 29. Qd6 Qxd6 30. Bxd6 Bf8 31. Rg1+ Kf7 32. Bxf8 Rxf8 33. Rc1 Nd4 34. Kf2 Rfe8 35. Bc4+ Ke7 36. Bd5 Kd6 37. Rg6+ Ne6 38. Rd1 1-0

[Event "Alushta Blitz op"]
[Site "Alushta"]
[Date "2022.07.02"]
[Round "4"]
[White "Hasangatin, Ramil"]
[Black "Korotaev, Yaroslav"]
[Result "1-0"]
[WhiteElo "2465"]
[BlackElo "1881"]
[PlyCount "71"]
[EventDate "2022.07.02"]
[EventType "swiss (blitz)"]
[EventRounds "13"]
[EventCountry "UKR"]
[SourceTitle "CBM 209 Extra"]
[Source "ChessBase"]
[SourceDate "2022.09.30"]
[SourceVersion "1"]
[SourceVersionDate "2022.09.30"]
[SourceQuality "1"]

1. e4 c5 2. Nf3 d6 3. d4 cxd4 4. Qxd4 Nc6 5. Bb5 Bd7 6. Bxc6 Bxc6 7. Nc3 h6 8. Be3 e5 9. Qd3 Nf6 10. a4 Be7 11. 0-0 0-0 12. Rfd1 Qa5 13. Nd2 Rfd8 14. Nc4 Qc7 15. Nd5 Bxd5 16. exd5 Rac8 17. b3 b6 18. f3 Qd7 19. Bf2 Re8 20. Nd2 Qc7 21. c4 Nd7 22. Nf1 Rf8 23. g4 g6 24. Ng3 Kg7 25. Rab1 Bg5 26. Rf1 Nc5 27. Qe2 f5 28. h4 Bxh4 29. Nxf5+ gxf5 30. Bxh4 Kh7 31. Kh1 fxg4 32. fxg4 Qg7 33. Rf5 Rg8 34. Rbf1 Qxg4 35. Rf7+ Kh8 36. Bf6+ 1-0

[Event "EU-ch Online U2300 Qual"]
[Site "Chess.com INT"]
[Date "2020.05.25"]
[Round "6"]
[White "Josse, Mark"]
[Black "Korotaev, Yaroslav"]
[Result "0-1"]
[WhiteElo "2235"]
[BlackElo "1893"]
[PlyCount "44"]
[EventDate "2020.05.25"]
[EventType "swiss"]
[EventRounds "8"]
[EventCountry "NET"]
[SourceTitle "EXT 2021"]
[Source "ChessBase"]
[SourceDate "2020.10.23"]
[SourceVersion "1"]
[SourceVersionDate "2020.10.23"]
[SourceQuality "1"]

1. e4 c5 2. Nf3 d6 3. Bb5+ Bd7 4. Bxd7+ Nxd7 5. c4 Ngf6 6. Nc3 e6 7. 0-0 Ne5 8. Ne1 Be7 9. b3 0-0 10. d4 cxd4 11. Qxd4 Nc6 12. Qd3 Ne5 13. Qd2 Rc8 14. Bb2 a6 15. f4 Qb6+ 16. Kh1 Nc6 17. Nf3 Rfd8 18. Qe2 d5 19. e5 Ne8 20. cxd5 exd5 21. Rfd1 Nc7 22. f5 d4 0-1

[Event "EU-ch Online U2300 Qual"]
[Site "Chess.com INT"]
[Date "2020.05.25"]
[Round "3"]
[White "Korotaev, Yaroslav"]
[Black "De Verdier, Michael Carl Adam"]
[Result "1/2-1/2"]
[WhiteElo "1893"]
[BlackElo "2291"]
[PlyCount "61"]
[EventDate "2020.05.25"]
[EventType "swiss"]
[EventRounds "8"]
[EventCountry "NET"]
[SourceTitle "EXT 2021"]
[Source "ChessBase"]
[SourceDate "2020.10.23"]
[SourceVersion "1"]
[SourceVersionDate "2020.10.23"]
[SourceQuality "1"]

1. d4 Nf6 2. c4 e6 3. Nf3 d5 4. g3 dxc4 5. Bg2 Bd7 6. 0-0 Bc6 7. Ne5 Bxg2 8. Kxg2 a6 9. a4 Nc6 10. Nxc6 Qd5+ 11. f3 Qxc6 12. Be3 Rd8 13. Qc2 Nd5 14. Bf2 b5 15. axb5 axb5 16. b3 Nb4 17. Qc3 cxb3 18. Qxb3 Be7 19. Nc3 0-0 20. Ra5 Rb8 21. Rb1 Qd7 22. e4 c6 23. Rba1 Rb7 24. Ne2 Qd6 25. Be1 c5 26. dxc5 Qxc5 27. Rc1 Qd6 28. Rd1 Qc5 29. Rc1 Qd6 30. Rd1 Qc5 31. Rc1 1/2-1/2

[Event "EU-ch Online U2300 Qual"]
[Site "Chess.com INT"]
[Date "2020.05.25"]
[Round "5"]
[White "Korotaev, Yaroslav"]
[Black "Pogorelskikh, Sergey"]
[Result "0-1"]
[WhiteElo "1893"]
[BlackElo "2218"]
[PlyCount "60"]
[EventDate "2020.05.25"]
[EventType "swiss"]
[EventRounds "8"]
[EventCountry "NET"]
[SourceTitle "EXT 2021"]
[Source "ChessBase"]
[SourceDate "2020.10.23"]
[SourceVersion "1"]
[SourceVersionDate "2020.10.23"]
[SourceQuality "1"]

1. d4 Nf6 2. c4 e6 3. Nf3 Bb4+ 4. Bd2 Qe7 5. g3 Nc6 6. Bg2 Bxd2+ 7. Nbxd2 d5 8. 0-0 0-0 9. Qc2 Rd8 10. c5 e5 11. dxe5 Nxe5 12. Nxe5 Qxe5 13. Nf3 Qe7 14. Nd4 c6 15. b4 Bg4 16. Rfe1 Bh5 17. a4 Bg6 18. Qb2 a5 19. Rec1 axb4 20. Qxb4 Ne4 21. Ra2 Re8 22. Rb2 Nxf2 23. Rb3 Nd3 24. Rxd3 Bxd3 25. Kh1 Be4 26. Nf3 Ra7 27. Ra1 Rea8 28. a5 Qd8 29. h4 Qc7 30. Kh2 Rxa5 0-1

[Event "EU-ch Online U2300 Qual"]
[Site "Chess.com INT"]
[Date "2020.05.25"]
[Round "2"]
[White "Kovacsy, Barnabas"]
[Black "Korotaev, Yaroslav"]
[Result "1/2-1/2"]
[WhiteElo "2143"]
[BlackElo "1893"]
[PlyCount "71"]
[EventDate "2020.05.25"]
[EventType "swiss"]
[EventRounds "8"]
[EventCountry "NET"]
[SourceTitle "EXT 2021"]
[Source "ChessBase"]
[SourceDate "2020.10.23"]
[SourceVersion "1"]
[SourceVersionDate "2020.10.23"]
[SourceQuality "1"]

1. e4 c5 2. Nf3 d6 3. d4 cxd4 4. Nxd4 Nf6 5. Nc3 g6 6. Be3 Bg7 7. f3 0-0 8. Qd2 Nc6 9. g4 Bd7 10. 0-0-0 Ne5 11. h4 Rc8 12. h5 Qa5 13. a3 a6 14. hxg6 fxg6 15. Be2 b5 16. Kb1 Rxc3 17. Qxc3 Qxc3 18. bxc3 Rc8 19. Kb2 Rc7 20. a4 bxa4 21. Bxa6 a3+ 22. Ka2 Nxf3 23. Nxf3 Nxe4 24. Rd3 Nxc3+ 25. Kxa3 Rc6 26. Kb3 Rxa6 27. Rxc3 Bxc3 28. Kxc3 Bxg4 29. Ng5 h5 30. Rb1 Rc6+ 31. Kd2 Bf5 32. Rb8+ Kg7 33. c3 Rc8 34. Rb7 Re8 35. Bd4+ Kf8 36. Bf2 1/2-1/2

[Event "Eurasia Cup op"]
[Site "Ekaterinburg"]
[Date "2019.07.31"]
[Round "1"]
[White "Korotaev, Yaroslav"]
[Black "Mamatov, Melis"]
[Result "0-1"]
[WhiteElo "1779"]
[BlackElo "2269"]
[PlyCount "62"]
[EventDate "2019.07.31"]
[EventType "swiss"]
[EventRounds "9"]
[EventCountry "RUS"]
[SourceTitle "CBM 191 Extra"]
[Source "ChessBase"]
[SourceDate "2019.09.30"]
[SourceVersion "1"]
[SourceVersionDate "2019.09.30"]
[SourceQuality "1"]

1. d4 d5 2. c4 c6 3. Nf3 Nf6 4. Nc3 e6 5. g3 Nbd7 6. Qd3 a6 7. Bg2 dxc4 8. Qxc4 c5 9. dxc5 Bxc5 10. Qd3 0-0 11. 0-0 Qe7 12. Rd1 Rb8 13. Bg5 h6 14. Be3 b5 15. Nd4 Bb7 16. Bxb7 Rxb7 17. Nc6 Qe8 18. Bxc5 Nxc5 19. Qf3 Rc7 20. Nb4 a5 21. Nd3 b4 22. Nxc5 bxc3 23. Nd3 e5 24. bxc3 e4 25. Qf4 Rxc3 26. Ne1 Qe6 27. Ng2 Rc2 28. Qd6 Qxd6 29. Rxd6 Rxe2 30. Ne3 Rb8 31. a4 Rbb2 0-1